Understanding Local Economic Development
| Titel: | Understanding Local Economic Development : Second Edition |
|---|---|
| Verfasser: | ; ; |
| Beteiligt: | |
| Veröffentlicht: | Oxford : Taylor & Francis ; Routledge [Imprint], 2021 |
| Umfang: | 1 Online-Ressource (312 p.) |
| Format: | E-Book |
| Sprache: | Englisch |
| RVK-Notation: | |
| ISBN: | 9780367415341 ; 9780367557393 ; 9780367815134 ; 9781000193930 ; 9781000193961 ; 9781000193992 |
alg: 53083878 001A $06055:26-06-25 001B $06055:18-03-26 $t18:22:23.000 001D $06055:26-06-25 001U $0utf8 001X $00 002@ $0Oax 002C $aText $btxt $2rdacontent 002D $aComputermedien $bc $2rdamedia 002E $aOnline-Ressource $bcr $2rdacarrier 003@ $0530838788 004A $A978-0-367-41534-1 004A $A978-0-367-55739-3 004A $A978-0-367-81513-4 004A $A978-1-00-019393-0 004A $A978-1-00-019396-1 004A $A978-1-00-019399-2 004R $020.500.12657/93601 007A $0530838788 $aHEB 007I $0oapen-20.500.12657/93601 009Q $S0 $uhttps://library.oapen.org/handle/20.500.12657/93601 $xR 010@ $aeng 011@ $a2021 017B $aZDB-94-OAL 021A $aUnderstanding Local Economic Development $dSecond Edition 028C $aDrucker $BHerausgeber $dJoshua $4edt 028C $aFeser $BVerfasser $dEdward J. $4aut 028C $aMalizia $BVerfasser $dEmil $4aut 028C $aRenski $BVerfasser $dHenry $4aut 033A $pOxford $nTaylor & Francis ; Routledge [Imprint] 033E $pThe Hague $nOapen Foundation 034D $a1 Online-Ressource (312 p.) 037J $aOpen Access $2star $uhttps://purl.org/coar/access_right/c_abf2 $fUnrestricted online access 044K $RWirtschaftsentwicklung $#Community development, Urban $#Développement communautaire urbain $#Gemeinde Wirtschaftsentwicklung $D20251120 $Ecgmnf $74132799-8 $8Kommunale Wirtschaftsentwicklung [Ts1] $9085479411 044K $RPraxis $#Theory (Philosophy) $#Théorie (philosophie) $#Theorie $#Theorie $D20251120 $Ecgmnf $74059787-8 $8Theorie [Tsz] $9085166316 045Z $D20251120 $Ecgmnf $8QC 340 [Tkv] $9411124641 047I $aThis book offers insights into the process and the practice of local economic development. Bridging the gap between theory and practice it demonstrates the relevance of theory to inform local strategic planning in the context of widespread disparities in regional economic performance. The book summarizes the core theories of economic development, applies each of these to professional practice, and provides detailed commentary on them. This updated second edition includes more recent contributions - regional innovation, agglomeration and dynamic theories - and presents the major ideas that inform economic development strategic planning, particularly in the United States and Canada. The text offers theoretical insights that help explain why some regions thrive while others languish and why metropolitan economies often rise and fall over time. Without theory, economic developers can only do what is politically feasible. This text, however, provides them with a logical tool for thinking about development and establishing an independent basis from which to build the local consensus needed for evidence-based action undertaken in the public interest. Offering valuable perspectives on both the process and the practice of local and regional economic development, this book will be useful for both current and future economic developers to think more profoundly and confidently about their local economy. lok: 53083878 3 exp: 53083878 3 1 #EPN 201B/01 $027-06-25 $t00:32:59.733 201C/01 $026-06-25 201U/01 $0utf8 203@/01 $01307745946 208@/01 $a26-06-25 $bl 209S/01 $S0 $uhttps://library.oapen.org/handle/20.500.12657/93601 $XR lok: 53083878 5 exp: 53083878 5 1 #EPN 201B/01 $027-06-25 $t00:32:59.736 201C/01 $026-06-25 201U/01 $0utf8 203@/01 $01307745954 208@/01 $a26-06-25 $bl 209S/01 $S0 $uhttps://library.oapen.org/handle/20.500.12657/93601 $XR lok: 53083878 8 exp: 53083878 8 1 #EPN 201B/01 $027-06-25 $t00:32:59.739 201C/01 $026-06-25 201U/01 $0utf8 203@/01 $01307745962 208@/01 $a26-06-25 $bl 209S/01 $S0 $uhttps://library.oapen.org/handle/20.500.12657/93601 $XR lok: 53083878 10 exp: 53083878 10 1 #EPN 201B/01 $027-06-25 $t00:32:59.742 201C/01 $026-06-25 201U/01 $0utf8 203@/01 $01307745970 208@/01 $a26-06-25 $bl 209S/01 $S0 $uhttps://library.oapen.org/handle/20.500.12657/93601 $XR lok: 53083878 21 exp: 53083878 21 1 #EPN 201B/01 $027-06-25 $t00:32:59.744 201C/01 $026-06-25 201U/01 $0utf8 203@/01 $01307745989 208@/01 $a26-06-25 $bl 209S/01 $S0 $uhttps://library.oapen.org/handle/20.500.12657/93601 $XR lok: 53083878 23 exp: 53083878 23 1 #EPN 201B/01 $027-06-25 $t00:32:59.747 201C/01 $026-06-25 201U/01 $0utf8 203@/01 $01307745997 208@/01 $a26-06-25 $bl 209S/01 $S0 $uhttps://library.oapen.org/handle/20.500.12657/93601 $XR lok: 53083878 25 exp: 53083878 25 1 #EPN 201B/01 $027-06-25 $t00:32:59.749 201C/01 $026-06-25 201U/01 $0utf8 203@/01 $01307746004 208@/01 $a26-06-25 $bl 209S/01 $S0 $uhttps://library.oapen.org/handle/20.500.12657/93601 $XR lok: 53083878 204 exp: 53083878 204 1 #EPN 201B/01 $027-06-25 $t00:32:59.752 201C/01 $026-06-25 201U/01 $0utf8 203@/01 $01307746012 208@/01 $a26-06-25 $bl 209S/01 $S0 $uhttps://library.oapen.org/handle/20.500.12657/93601 $XR lok: 53083878 205 exp: 53083878 205 1 #EPN 201B/01 $027-06-25 $t00:32:59.755 201C/01 $026-06-25 201U/01 $0utf8 203@/01 $01307746020 208@/01 $a26-06-25 $bl 209S/01 $S0 $uhttps://library.oapen.org/handle/20.500.12657/93601 $XR
| LEADER | 00000cam a22000002c 4500 | ||
|---|---|---|---|
| 001 | 530838788 | ||
| 003 | DE-603 | ||
| 005 | 20260318182223.0 | ||
| 007 | cr|||||||||||| | ||
| 008 | 250626s2021 xx |||| o| u00||u|eng c | ||
| 020 | |a 9780367415341 | ||
| 020 | |a 9780367557393 | ||
| 020 | |a 9780367815134 | ||
| 020 | |a 9781000193930 | ||
| 020 | |a 9781000193961 | ||
| 020 | |a 9781000193992 | ||
| 024 | 7 | |a 20.500.12657/93601 |2 hdl | |
| 035 | |a (DE-599)HEB530838788 | ||
| 040 | |a DE-603 |b ger |c DE-603 |d DE-603 | ||
| 041 | |a eng | ||
| 084 | |a QC 340 |0 (DE-625)141271: |0 (DE-603)411124641 |2 rvk | ||
| 245 | 0 | 0 | |a Understanding Local Economic Development |b Second Edition |
| 264 | 1 | |a Oxford |b Taylor & Francis ; Routledge [Imprint] |c 2021 | |
| 264 | 2 | |a The Hague |b Oapen Foundation | |
| 300 | |a 1 Online-Ressource (312 p.) | ||
| 336 | |a Text |b txt |2 rdacontent | ||
| 337 | |a Computermedien |b c |2 rdamedia | ||
| 338 | |a Online-Ressource |b cr |2 rdacarrier | ||
| 520 | |a This book offers insights into the process and the practice of local economic development. Bridging the gap between theory and practice it demonstrates the relevance of theory to inform local strategic planning in the context of widespread disparities in regional economic performance. The book summarizes the core theories of economic development, applies each of these to professional practice, and provides detailed commentary on them. This updated second edition includes more recent contributions - regional innovation, agglomeration and dynamic theories - and presents the major ideas that inform economic development strategic planning, particularly in the United States and Canada. The text offers theoretical insights that help explain why some regions thrive while others languish and why metropolitan economies often rise and fall over time. Without theory, economic developers can only do what is politically feasible. This text, however, provides them with a logical tool for thinking about development and establishing an independent basis from which to build the local consensus needed for evidence-based action undertaken in the public interest. Offering valuable perspectives on both the process and the practice of local and regional economic development, this book will be useful for both current and future economic developers to think more profoundly and confidently about their local economy. | ||
| 650 | 7 | |a Kommunale Wirtschaftsentwicklung |0 (DE-588)4132799-8 |0 (DE-603)085479411 |2 gnd | |
| 650 | 7 | |a Theorie |0 (DE-588)4059787-8 |0 (DE-603)085166316 |2 gnd | |
| 700 | 1 | |a Drucker, Joshua |e Herausgeber |4 edt | |
| 700 | 1 | |a Feser, Edward J. |e Verfasser |4 aut | |
| 700 | 1 | |a Malizia, Emil |e Verfasser |4 aut | |
| 700 | 1 | |a Renski, Henry |e Verfasser |4 aut | |
| 856 | |u https://library.oapen.org/handle/20.500.12657/93601 |x Resolving-System |z kostenfrei | ||
| 912 | |a ZDB-94-OAL | ||
| 924 | 1 | |9 603 |a (DE-603)1307745946 |b DE-603 |c HES |d d | |
| 924 | 1 | |9 603 |a (DE-603)1307745954 |b DE-603 |c HES |d d | |
| 924 | 1 | |9 603 |a (DE-603)1307745962 |b DE-603 |c HES |d d | |
| 924 | 1 | |9 603 |a (DE-603)1307745970 |b DE-603 |c HES |d d | |
| 924 | 1 | |9 603 |a (DE-603)1307745989 |b DE-603 |c HES |d d | |
| 924 | 1 | |9 603 |a (DE-603)1307745997 |b DE-603 |c HES |d d | |
| 924 | 1 | |9 603 |a (DE-603)1307746004 |b DE-603 |c HES |d d | |
| 924 | 1 | |9 603 |a (DE-603)1307746012 |b DE-603 |c HES |d d | |
| 924 | 1 | |9 603 |a (DE-603)1307746020 |b DE-603 |c HES |d d | |